000 00573nam a2200193 i 4500
001 35361
003 ES-MaACL
005 20251122063110.0
007 t|
008 030212s1971 sp ||||1| spa d
100 1 _aBorges, Jorge Luis,
_d1899-1986
_9242526
245 1 0 _aLibro del cielo y del infierno /
_cJorge Luis Borges, Adolfo Bioy Casares.
250 _a[1ยช ed.].
260 _aBarcelona :
_bEdhasa,
_c1971.
300 _a212 p. ;
_c19 cm.
700 1 _aBioy Casares, Adolfo.
_928953
852 _aES-MaACL
_jC-40251
_bR.76554
999 _c35361
_d35361